000 00690nam a2200205 u 4500
005 20221117063439.0
008 121128s2007 ea r 000 0 spa d
020 _a1404832386 (10 dígitos)
020 _a9781404832381 (13 dígitos)
035 _aUPN01000188967
049 _aI
050 4 _aGB662.3
_bR6.2
100 1 _aRosinsky, Natalie M.
_933678
245 1 3 _aEl agua :
_barriba, abajo y en todos lados /
_cNatalie M. Rosinsky ; il. Matthew John ; tr. Sol Robledo.
260 _aMinneapolis, E.U.A. :
_bPicture Window Books,
_c2007.
300 _a24 p. :
_bprincipalmente il. col.
440 0 _aCiencia asombrosa
650 2 _aAgua
_vLiteratura juvenil
_910249
905 _aInfantil
999 _c161070
_d161070